Pays d'Amérique du sud à l'aveugle - Statistiques

Statistiques générales
  • Ce quiz a été pris 191 fois
  • Le résultat moyen est 11 sur 12
Statistiques - réponses
Réponse % Correct
Brésil
97%
Argentine
96%
Chili
96%
Paraguay
93%
Uruguay
93%
Colombie
92%
Pérou
90%
Guyana
87%
Venezuela
87%
Bolivie
86%
Equateur
85%
Suriname
85%
Aucun quiz correspondant
Distribution des résultats
% des personnes avec chaque résultat
Percentile par nombre de réponses
Votre historique - résultats
Vous n’avez pas pris ce quiz